Sports Quiz

Random Sports or NFL Quiz
Score 0/50 Timer 06:00
1 Play Today
Team Player % Correct
Arizona Cardinals (Houston Texans)DeAndre Hopkins
90.9%
Tampa Bay BuccaneersMike Evans
90.9%
Kansas City ChiefsPatrick Mahomes
89.9%
Denver BroncosVon Miller
89.9%
Tampa Bay Buccaneers (New England Patriots)Tom Brady
88.9%
Houston TexansJ.J. Watt
88.9%
Atlanta FalconsJulio Jones
87.9%
New Orleans SaintsDrew Brees
87.9%
Minnesota VikingsDalvin Cook
87.9%
New York GiantsSaquon Barkley
87.9%
Green Bay PackersAaron Rodgers
87.9%
Los Angeles RamsAaron Donald
87.9%
San Francisco 49ersRichard Sherman
87.9%
Chicago BearsKhalil Mack
87.9%
San Francisco 49ersNick Bosa
87.9%
New Orleans SaintsMichael Thomas
86.9%
Atlanta Falcons (LA Rams)Todd Gurley
86.9%
Tennessee TitansDerrick Henry
86.9%
Cleveland BrownsNick Chubb
86.9%
Dallas CowboysAmari Cooper
86.9%
Los Angeles ChargersKeenan Allen
86.9%
New York JetsJamal Adams
86.9%
New England PatriotsStephon Gilmore
86.9%
Los Angeles ChargersJoey Bosa
86.9%
Kansas City ChiefsTravis Kelce
85.9%
Team Player % Correct
Baltimore RavensLamar Jackson
85.9%
Los Angeles RamsJalen Ramsey
85.9%
Baltimore RavensEarl Thomas III
84.8%
Seattle SeahawksRussell Wilson
83.8%
Minnesota VikingsAdam Thielen
83.8%
Indianapolis ColtsT.Y. Hilton
83.8%
New Orleans SaintsAlvin Kamara
83.8%
New Orleans SaintsCameron Jordan
83.8%
Pittsburgh SteelersT.J. Watt
83.8%
New England PatriotsDevin McCourty
83.8%
Los Angeles Chargers (Denver Broncos)Chris Harris Jr
82.8%
Buffalo BillsTre'Davious White
82.8%
Baltimore Ravens (Jacksonville Jaguars)Calais Campbell
82.8%
Dallas CowboysDemarcus Lawrence
82.8%
Cincinnati BengalsGeno Atkins
82.8%
Arizona CardinalsChandler Jones
81.8%
Kansas City ChiefsChris Jones
81.8%
Philadelphia EaglesFletcher Cox
81.8%
San Francisco 49ersGeorge Kittle
80.8%
Carolina PanthersChristian McCaffrey
79.8%
Los Angeles ChargersDerwin James
79.8%
Minnesota VikingsHarrison Smith
78.8%
Seattle SeahawksBobby Wagner
78.8%
Green Bay PackersJaire Alexander
74.7%
Minnesota VikingsDanielle Hunter
68.7%
Remove Ads.
Support Sporcle.
Get the best of Sporcle when you Go Orange. This ad-free experience offers more features, more stats, and more fun while also helping to support Sporcle. Thank you for becoming a member.

You're not logged in!

Compare scores with friends on all Sporcle quizzes.
OR
Log In

Sporcle TV

Today on Sporcle TV


Watch our educational content, quiz creation guides, and fun videos on Sporcle TV.

Show Comments

Extras

Created May 12, 2020ReportNominate
Tags:NFL Quiz, Top Madden

Top Quizzes Today


Score Distribution

Paid Content

Your Account Isn't Verified!

In order to create a playlist on Sporcle, you need to verify the email address you used during registration. Go to your Sporcle Settings to finish the process.

Report this User

Report this user for behavior that violates our Community Guidelines.

Details: